000 00831nam a2200229Ia 4500
005 20260430150741.0
008 008 250103s9999 xx 000 0 hin d
037 _aTheses
040 _aCRL
040 _bhin
040 _chin
041 _2hin
041 _ahin
084 _qCRL
100 _aपाल, रवि, ले.
_9865621
245 0 _aआचार्य कैलाशचन्द्र देव बृहस्पति का हिन्दुस्तानी शास्त्रीय संगीत में योगदान
260 _c2021
300 _a302पृ0
700 _aदिल्ली विश्वविद्यालय. संगीत एवं ललित कला संकाय. संगीत विभाग
942 _cTH
999 _c1850593
_d1850593